Introduction to transportation engineering (Record no. 2610)

000 -LEADER
fixed length control field 00540nam a22002054a 4500
001 - CONTROL NUMBER
control field 2610
003 - CONTROL NUMBER IDENTIFIER
control field BD-DhUET
008 - FIXED-LENGTH DATA ELEMENTS--GENERAL INFORMATION
fixed length control field 010314s2002 maua b 001 0 eng
020 ## - INTERNATIONAL STANDARD BOOK NUMBER
International Standard Book Number 9780070702462
040 ## - CATALOGING SOURCE
Original cataloging agency DLC
Transcribing agency DLC
Modifying agency BD-DhUET
082 00 - DEWEY DECIMAL CLASSIFICATION NUMBER
Classification number 625
Item number BAN/2002
100 1# - MAIN ENTRY--PERSONAL NAME
Personal name Banks, James H.
245 10 - TITLE STATEMENT
Title Introduction to transportation engineering
250 ## - EDITION STATEMENT
Edition statement 2nd ed.
260 ## - PUBLICATION, DISTRIBUTION, ETC. (IMPRINT)
Place of publication, distribution, etc. Boston
Name of publisher, distributor, etc. McGraw-Hill
Date of publication, distribution, etc. 2002
300 ## - PHYSICAL DESCRIPTION
Extent ix, 502p.
Other physical details ill.
Dimensions 24 cm.
504 ## - BIBLIOGRAPHY, ETC. NOTE
Bibliography, etc Includes bibliographies
650 #0 - SUBJECT ADDED ENTRY--TOPICAL TERM
Topical term or geographic name as entry element Transportation engineering
942 ## - ADDED ENTRY ELEMENTS (KOHA)
Koha item type General Book
Holdings
Piece designation (barcode) Koha item type Lost status Koha normalized classification for sorting Koha out on loan Koha date last seen Copy number Koha issues (times borrowed) Date acquired Koha date last borrowed Source of acquisition Withdrawn status Sublocation or collection (holding branch) Location (home branch) Shelving location Price effective from Damaged status Koha full call number Source of classification or shelving scheme Not for loan
112833General Book 625BAN20022017-04-102016-04-10112014-09-282016-04-10  Central Library, BUETCentral Library, BUETCirculation section2014-09-28 625/BAN/2002  
112989General Book 625BAN2002 2014-09-282 2014-09-28   Central Library, BUETCentral Library, BUETCirculation section2014-09-28 625/BAN/2002  
113731General Book 625_000000000000000_BAN_2002 2015-09-123 2015-06-13 International Book Distributors Central Library, BUETCentral Library, BUETCirculation section2015-09-12 625/BAN/2002  
113758General Book 625_000000000000000_BAN_2002 2016-04-13412015-11-152016-04-10  Central Library, BUETCentral Library, BUETCirculation section2015-11-15 625/BAN/2002